|
|
|
|
| LEADER |
00000cam a2200000 4500 |
| 001 |
vtls012070069 |
| 003 |
SK-MaSNL |
| 005 |
20260301085117.0 |
| 008 |
230501s2020 xo o gr 000 0 slo |
| 015 |
|
|
|a SNBA2022/01
|
| 015 |
|
|
|a SNBSAB2020
|
| 020 |
|
|
|q (zložené)
|
| 035 |
|
|
|a urn:nbn:sk:snk-am00ibb2
|
| 035 |
|
|
|a A58F4D40-96B9-43C7-B906-9000C1CD8BAB
|
| 040 |
|
|
|a SNK
|b slo
|c SNK
|e rda
|
| 041 |
0 |
|
|a slo
|
| 044 |
|
|
|a xo
|c SK
|
| 072 |
|
7 |
|a 01
|x Bibliografia. Katalógy
|2 konspekt
|
| 080 |
|
|
|a 398.2‑055.1
|2 2011
|
| 080 |
|
|
|a 012
|2 2011
|
| 245 |
0 |
0 |
|a Milan Lasica
|b bibliografický leták
|c zostavila Helena Mižáková
|
| 264 |
|
1 |
|a Nitra
|b Krajská knižnica Karola Kmeťka v Nitre
|c 2020
|
| 300 |
|
|
|a 1 zložený list (6 nečíslovaných strán)
|c 21 cm
|
| 336 |
|
|
|a text
|b txt
|2 rdacontent
|
| 337 |
|
|
|a bez média
|b n
|2 rdamedia
|
| 338 |
|
|
|a list
|b nb
|2 rdacarrier
|
| 366 |
|
|
|e 50 kusov
|
| 500 |
|
|
|a Obsahuje biografické údaje
|
| 504 |
|
|
|a Obsahuje 31 bibliografických záznamov
|
| 600 |
1 |
7 |
|a Lasica, Milan,
|d 1940-2021
|2 SNKMA
|9 93511
|
| 650 |
0 |
7 |
|a humoristi
|2 SNKPH
|9 58848
|
| 650 |
0 |
7 |
|a Humorists
|2 SNKPHeng
|9 414655
|
| 655 |
|
7 |
|a personálne bibliografie
|2 SNKPH
|9 70198
|
| 655 |
|
7 |
|a Personal bibliography
|2 SNKPHeng
|9 300650
|
| 700 |
1 |
|
|a Mižáková, Helena,
|d 1958-
|4 com
|9 80024
|
| 852 |
|
|
|a Slovenská národná knižnica
|
| 954 |
|
|
|a odborná, vedecká literatúra pôvodná (slovenská)
|2 lita
|
| 958 |
|
|
|a PB
|
| 958 |
|
|
|a NB
|
| 999 |
|
|
|c 665015
|d 666945
|
| 952 |
|
|
|a SNK
|b SNK
|y PREZ
|7 0
|p 17A1459282
|o snkOSC 29371
|i snk2021/13494
|8 0
|0 0
|1 0
|4 0
|d 2021-09-22
|f 1
|l 0
|r 2026-02-23 19:06:38
|w 2026-02-23
|
| 952 |
|
|
|a SNK
|b SNK
|y PREZ
|7 0
|p 17A1459283
|o snkOSC 29371 D1
|i snk2021/13495
|8 0
|0 0
|1 0
|4 0
|d 2021-09-22
|l 0
|r 2026-02-23 19:06:38
|w 2026-02-23
|